00542na a2200193 450000100060000000300080000600500170001400800410003103500100007204000250008204100080010708200230011510000320013824500550017026000500022530000190027565000290029465000250032315868MIRAKIL20181213154825.0161009b tu 000 0  a15868 aMilasbturcTR-AnCHP atur a335.5bÖ41d 1976 aÖlçen, Ali Nejatd1922- aDemokratik sosyalizme girişcAli Nejat Ölçen aAnkarab[yayl.y.]c1976fAyyıldız Matbaası a232 s.c19 sm. aDemokratik solxEkonomi  aDemokratik sosyalizm